Countries by AI Descriptions #2 - Statistics

General Stats
  • This quiz has been taken 42 times
    39 since last reset
  • The average score is 17 of 20
Answer Stats
Clue 1 Clue 2 Clue 3 Country % Correct
Outback Kangaroo Opera Australia
100%
Alps Mozart Skiing Austria
100%
Oktoberfest Autobahn Beethoven Germany
100%
Kremlin Siberia Vodka Russia
100%
Vikings Fjords Midnight Norway
97%
K-Pop Samsung Hanbok South Korea
97%
Bosphorus Ottoman Kebab Turkey
97%
Sauna Snow Nokia Finland
95%
Himalayas Everest Yeti Nepal
95%
Alps Chocolate Watches Switzerland
95%
Tea Beatles Castle United Kingdom
92%
Serengeti Kilimanjaro Zanzibar Tanzania
89%
Altiplano Salt Andes Bolivia
84%
Galápagos Andes Volcanoes Ecuador
81%
Safari Maasai Savanna Kenya
81%
Sahara Casbah Mint Morocco
81%
Nollywood Lagos Oil Nigeria
81%
Rose Yoghurt Thracians Bulgaria
41%
Gold Ashanti Cocoa Ghana
41%
Forests Potatoes Tractors Belarus
22%
No matching quizzes found
Score Distribution
Percent of People with Each Score
Percentile by Number Answered
Your Score History
You have not taken this quiz since the last reset